Cơ sở khoa học trong công nghệ bảo vệ môi trường. Tập 3, Các quá trình hóa học trong công nghệ môi trường

Đã lưu trong:
書目詳細資料
格式: Sách
語言:Undetermined
出版:  Giáo dục  2009
主題:
標簽: 添加標簽
沒有標簽, 成為第一個標記此記錄!
Thư viện lưu trữ: Trung tâm Thư viện - Trường Đại học Công nghiệp TP. Hồ Chí Minh
LEADER 00544nam a2200133Ia 4500
001 UIH_03356
008 231011s9999 xx 000 0 und d
082 |a  628 
245 0 |a  Cơ sở khoa học trong công nghệ bảo vệ môi trường. Tập 3, Các quá trình hóa học trong công nghệ môi trường 
260 |b  Giáo dục 
260 |c  2009 
650 |a  Bảo vệ môi trường;  
927 |a Sách 
980 |a Trung tâm Thư viện - Trường Đại học Công nghiệp TP. Hồ Chí Minh